000 00702nam a2200193 4500
001 139846
003 ES-MaACL
005 20230906195926.0
007 t|
008 070214s1931 gw r ||||1| ger d
245 0 0 _aDie Wirtschaftliche Entwicklung Elsass-Lothringens 1871 bis 1918 /
_cherausgegeben von Dr. Max Schlenker.
260 _aFrankfurt am Main :
_bSelbsverlag des Elsa-Lothringen-Institutes,
_c1931.
300 _a5 v. ;
_c24 cm.
500 _aA poartir del v. II está continuado por Georg Wolfram.
700 1 _aSchlenker, Max.
_9104408
700 1 _aWolfram, Georg.
_9117274
710 2 _aSelbstverlag des Elsa-Lothringen-Institutes.
_96544
852 _aES-MaACL
_jF-15379-83
_bR.19227
999 _c139846
_d139846